| 000 | 00855nam a2200229 a 4500 | ||
|---|---|---|---|
| 001 | 40098 | ||
| 003 | BD-RjUL | ||
| 005 | 20211209053133.0 | ||
| 008 | 160423r19761970b |||| |||| 00| 0 ben d | ||
| 020 | _c: Tk. 15.00 | ||
| 035 | _a(BD-RjUL)40213 | ||
| 040 |
_aBD-RjUL _bben _cBD-RjUL |
||
| 041 | _aben | ||
| 082 |
_223 _a491.4409 _bCHB 1976 |
||
| 100 |
_aচৌধুরী, মুনীর _9123476 |
||
| 245 | 1 | 0 |
_aবাঙলা গদ্যরীতি / _cমুনীর চৌধুরী |
| 260 |
_aঢাকা : _bবাংলা একাডেমী, _c১৯৭০ [ মুদ্রণ ১৯৭৬ ] |
||
| 300 |
_a২১৯ পৃ. ; _c২৩ সেমি. |
||
| 650 |
_aবাংলা ভাষা _xইতিহাস ও সমালোচনা _9123477 |
||
| 650 |
_aBengali Language _xHistory and Criticism _9123478 |
||
| 942 |
_2ddc _cBK |
||
| 999 |
_c40098 _d40098 |
||